000
00276nam a22001337a 4500
008
181219b xxu||||| |||| 00| 0 eng d
020
_a
61263008
041
_a
eng
080
_2
2nd
_a
330
100
_a
52
101
_a
EKO
245
_a
Economics
_c
Kirk,R
942
_2
udc
_c
BK
999
_c
53514
_d
53514